000 02129nam0a2200373 4500
001 RU\NLR\BIBL_A\011603419
005 20250626100045.0
020 _aRU
_b11428
_9Сводный каталог листовок первых лет Советской власти (25 октября (7 ноября) 1917 - 1925) Т.4 (Ч.3). Листовки советских, партийных, профсоюзных, комсомольских и других организаций губерний РСФСР
035 _a(NLR Aleph) 011603419
090 _a10902168
_c10902168
100 _a20180126d1920 |||y0rusy50 ca
101 0 _arus
102 _aRU
105 _ay z 000zy
135 _acrcn 024apada
200 1 _aПостановление, 1920 г. сент. 11 дня
_e[о наказании дезертиров
_eлистовка
_fСмоленская губ. комиссия по борьбе с дезертирством]
210 _aЕльня
_c[б. и.
_d1920, сент.]
215 _a1 с.
_d29х18
300 _aПодпись: зампредкомдезертир; члены. В конце листовки: делопроизводитель Елынинский уездной комиссии по борьбе с дезертирством
325 1 _aКопия доступна в Электронной библиотеке РНБ
517 1 _aО наказании дезертиров
607 _aРСФСР
_jЛистовки
_xПолитика и управление
_y1917 - 1925
_92312782
_3RU\NLR\auth\6601609564
686 0 _aТ3(2)71-313,011
686 1 _aТ3(2Р-4См)712-3,011
710 0 2 _aСмоленская губернская комиссия по борьбе с дезертирством
_9592645
_3RU\NLR\AUTH\880465066
852 0 0 _aNLR
_bФЛ
_j52/7
942 _cBOOK
980 _aNB
981 2 1 _a(21) Листовки
_b(21) Листовки 1920 года